Palárik žije súborné dramatické dielo Jána Palárika
Saved in:
| Main Author: | |
|---|---|
| Format: | Book |
| Language: | Slovak |
| Published: |
Raková
Životnými cestami Jána Palárika - združenie
2017
|
| Subjects: | |
| Tags: |
No Tags, Be the first to tag this record!
|
MARC
| LEADER | 00000nam a2200000 4500 | ||
|---|---|---|---|
| 001 | 0243054 | ||
| 005 | 20240221111423.5 | ||
| 020 | |a 978-80-972614-2-9 | ||
| 041 | 0 | |a slo | |
| 044 | |a SK | ||
| 245 | 1 | 0 | |a Palárik žije |b súborné dramatické dielo Jána Palárika |c Martin Timko |
| 264 | 1 | |a Raková |b Životnými cestami Jána Palárika - združenie |c 2017 | |
| 300 | |a 389 s. | ||
| 610 | 2 | 0 | |a biografia |
| 610 | 2 | 0 | |a osobnosť |
| 610 | 2 | 0 | |a štýl životný |
| 610 | 2 | 0 | |a svetonázor |
| 610 | 2 | 0 | |a umenie |
| 610 | 2 | 0 | |a história |
| 610 | 2 | 0 | |a klasicizmus |
| 610 | 2 | 0 | |a kultúra |
| 610 | 2 | 0 | |a politika |
| 610 | 2 | 0 | |a národ |
| 610 | 2 | 0 | |a náboženstvo |
| 610 | 2 | 0 | |a Slovensko |
| 610 | 2 | 0 | |a Palárik, J. |
| 100 | 1 | |a Timko, Martin | |